| 000 | 01106nam a2200265Ia 4500 | ||
|---|---|---|---|
| 003 | OSt | ||
| 005 | 20220923222218.0 | ||
| 006 | a|||||r|||| 00| 0 | ||
| 007 | ta | ||
| 008 | 220922b |||||||| |||| 00| 0 hin d | ||
| 024 | _a203,752 | ||
| 037 | _cTextual | ||
| 040 |
_aARTS _cARTS _bhin |
||
| 041 |
_2hin _ahin |
||
| 082 | _aO157,6M61x, 152L7.1 | ||
| 100 |
_aनरवणे, विश्वनाथ, अनु. _9158637 |
||
| 245 | 0 | _aरवीन्द्रनाथ के निबंधः दार्शनिक; शैक्षणिक; सामाजिक और राजनैतिक निबंध | |
| 246 | _aRavīndranāth ke nibandhah dārshanika; shaikṣhaṇika; sāmājik aur rājanaitik nibandha | ||
| 250 | _aसंस्क 2 | ||
| 260 |
_aदिल्ली _b साहित्य अकादमी _c1977 |
||
| 300 |
_a565पृ. _ccm. |
||
| 650 |
_aबंगाली साहित्य _9156264 |
||
| 942 |
_hO157,6M61x, 152L7.1 _cTEXL _2CC |
||
| 999 |
_c354502 _d354502 |
||